Statistics for AJR The Maybe Man

Click here to take the quiz!

General Stats

  • This quiz has been taken 113 times
  • The average score is 10 of 12

Answer Stats

Answer% Correct
Maybe Man
98%
Touchy Feely Fool
91%
Inertia
89%
Yes I'm A Mess
89%
Steve's Going to London
88%
2085
86%
The Dumb Song
86%
I Won't
85%
The DJ Is Crying For Help
85%
Hole in the Bottom of My Brain
84%
God is Really Real
79%
Turning Out Pt. iii
79%

Score Distribution

Percentile by Number Answered

Percent of People with Each Score

Your Score History

You have not taken this quiz